000 00320nam a22001457a 4500
008 210311b ||||| |||| 00| 0 eng d
020 _a0138452482
041 _aeng
080 _23th
_a311
082 _23th
_a311
100 _a36
101 _aSTA
245 _aStatistics for Managment
_cLevin,I.R
942 _2udc
_cBK
999 _c56374
_d56374